Keeping the castle : (Record no. 2471)

MARC details
000 -LEADER
fixed length control field 01074cam a2200289 a 4500
005 - DATE AND TIME OF LATEST TRANSACTION
control field 20231211112740.0
020 ## - INTERNATIONAL STANDARD BOOK NUMBER
International Standard Book Number 9780670014385 (hardcover)
040 ## - CATALOGING SOURCE
Original cataloging agency DLC
Transcribing agency DLC
Modifying agency DLC
Language of cataloging eng
050 00 - LIBRARY OF CONGRESS CALL NUMBER
Classification number PZ7.K5665
Item number Ke 2012
082 00 - DEWEY DECIMAL CLASSIFICATION NUMBER
Classification number 813.6
Edition number 23
100 1# - MAIN ENTRY--PERSONAL NAME
Personal name Kindl, Patrice
245 10 - TITLE STATEMENT
Title Keeping the castle :
Remainder of title a tale of romance, riches, and real estate /
Statement of responsibility, etc. Patrice Kindl
250 ## - EDITION STATEMENT
Edition statement First Scholastic printing, January 2013
260 ## - PUBLICATION, DISTRIBUTION, ETC.
Place of publication, distribution, etc. New York :
Name of publisher, distributor, etc. Scholastic,
Date of publication, distribution, etc. 2012
300 ## - PHYSICAL DESCRIPTION
Extent 261 pages ;
Dimensions 19 cm
500 ## - GENERAL NOTE
General note Sequel: A school for brides : a story of maidens, mystery, and matrimony.
505 ## - FORMATTED CONTENTS NOTE
Formatted contents note Z
520 ## - SUMMARY, ETC.
Summary, etc. In order to support her family and maintain their ancient castle in Lesser Hoo, seventeen-year-old Althea bears the burden of finding a wealthy suitor who can remedy their financial problems.
521 ## - TARGET AUDIENCE NOTE
Target audience note 1050
Source Lexile
521 ## - TARGET AUDIENCE NOTE
Target audience note Z
Source Raz-Plus
650 #1 - SUBJECT ADDED ENTRY--TOPICAL TERM
Topical term or geographic name entry element Social classes
Form subdivision Fiction.
650 #1 - SUBJECT ADDED ENTRY--TOPICAL TERM
Topical term or geographic name entry element Courtship
Form subdivision Fiction.
650 #1 - SUBJECT ADDED ENTRY--TOPICAL TERM
Topical term or geographic name entry element Castles
Form subdivision Fiction.
906 ## - LOCAL DATA ELEMENT F, LDF (RLIN)
a 7
b cbc
c orignew
d 1
e ecip
f 20
g y-gencatlg
942 ## - ADDED ENTRY ELEMENTS (KOHA)
Source of classification or shelving scheme Dewey Decimal Classification
Koha item type Books
Suppress in OPAC No
999 ## -
-- 2471
-- 2471
Holdings
Withdrawn status Lost status Source of classification or shelving scheme Damaged status Not for loan Collection Home library Current library Shelving location Date acquired Total Checkouts Full call number Barcode Date last seen Date last checked out Price effective from Koha item type
    Dewey Decimal Classification     Fiction Footprints International School Library Network Toul Kork Campus Footprints International School Library Network Toul Kork Campus TTP Secondary Fiction Bookshelves 12/11/2023 1 KIN 813.6 PZ7.K5665 FISSE01214 03/01/2024 01/08/2024 12/11/2023 Books